' لزوم ما لا يلزم :' لشاعر الفلاسفة وفيلسوف الشعراء ;; luzum ma la yalzam : lishaeir alfalasifat wafaylasuf alshueara'/ (Record no. 79409)
[ view plain ]
| 000 -LEADER | |
|---|---|
| fixed length control field | 01022nam a2200217 a 4500 |
| 001 - CONTROL NUMBER | |
| control field | 79409 |
| 003 - CONTROL NUMBER IDENTIFIER | |
| rucl marc code | BD-RjUL |
| 005 - DATE AND TIME OF LATEST TRANSACTION | |
| control field | 20220217111016.0 |
| 008 - FIXED-LENGTH DATA ELEMENTS--GENERAL INFORMATION | |
| fixed length control field | 220219s1915 u 000 0 ara d |
| 035 ## - SYSTEM CONTROL NUMBER | |
| System control number | (BD-RjUL)79409 |
| 040 ## - CATALOGING SOURCE | |
| Original cataloging agency | NNL |
| Language of cataloging | ara |
| Transcribing agency | BD-RjUL |
| 041 ## - LANGUAGE CODE | |
| Language code of text/sound track or separate title | ara |
| 082 ## - DEWEY DECIMAL CLASSIFICATION NUMBER | |
| Edition number | 23 |
| Classification number | 892.71 |
| Author mark and year | MAL 1915 |
| 100 0# - MAIN ENTRY--PERSONAL NAME | |
| Personal name | Al-Maarri, Abu Al-Ala Ahmed bin Abdullah bin Sulayman ;; المعري، ابو العلاء أحمد بن عبدالله بنسليمان |
| Dates associated with a name | 973-1057 |
| 9 (RLIN) | 1433 |
| 245 10 - TITLE STATEMENT | |
| Title | ' لزوم ما لا يلزم :' لشاعر الفلاسفة وفيلسوف الشعراء ;; luzum ma la yalzam : lishaeir alfalasifat wafaylasuf alshueara'/ |
| Statement of responsibility, etc. | Abu Al-Ala Ahmed bin Abdullahbin Suleiman al-Maarri ,;; ابو العلاء أحمد بن عبدالله بن سليمان المعري |
| 246 1# - VARYING FORM OF TITLE | |
| Display text | Cover title: |
| Title proper/short title | al-Luzumiyat |
| 260 ## - PUBLICATION, DISTRIBUTION, ETC. (IMPRINT) | |
| Place of publication, distribution, etc. | مصر : |
| Name of publisher, distributor, etc. | طبع بمطبعة الجمالية, |
| Date of publication, distribution, etc. | 1915 |
| 300 ## - PHYSICAL DESCRIPTION | |
| Pagination | مجلدان.; |
| Size | 23 cm |
| 650 #4 - SUBJECT ADDED ENTRY--TOPICAL TERM | |
| Topical term or geographic name as entry element | Arabic poetry |
| Chronological subdivision | 750-1258 |
| 9 (RLIN) | 204 |
| 942 ## - ADDED ENTRY ELEMENTS (KOHA) | |
| Source of classification or shelving scheme | Dewey Decimal Classification |
| Koha item type | Books |
| Lost status | Source of classification or shelving scheme | Damaged status | Not for loan | Collection code | Permanent Location | Current Location | Shelving location | Date acquired | Source of acquisition | Cost, normal purchase price | Full call number | Date last seen | Copy number | Koha item type |
|---|---|---|---|---|---|---|---|---|---|---|---|---|---|---|
| Dewey Decimal Classification | Not For Loan | Non-fiction | Central Library, University of Rajshahi | Central Library, University of Rajshahi | Reading Room | 16/04/1968 | Zeitlinger | 190.00 | A 892.71 MAL V.1-2 1915 | 17/02/2022 | C-1 | Books |